000 00189 a2200097 4500
020 _a9788466326391
041 _aspa
100 _aJay Elliot
245 _aEl camino de Steve Jobs
942 _cBK
999 _c8984
_d8984